000 01721nam a2200301 a 4500
005 20250329170946.0
006 m d
007 cr cnu---uuuuu
008 901116s2015 s 000 0 eng d
020 _a978-607-02-7292-9
040 _aCO-CtgCURN
_bspa
_ccoctgcurn
082 0 4 _a362.8292
_bC512
100 1 _aChávez Carapia, Julia del Carmen.
245 1 0 _aViolencia familiar
_h[electronic resource] /
_cJulia del Carmen Chávez Carapia.
260 _aMéxico :
_bUniversidad Nacional Autónoma de México, Escuela Nacional de Trabajo Social, Centro de Investigación y Estudios de Género,
_c2015.
300 _a216 páginas ;
_c24 cm.
336 _atexto
_btxt
_2rdacontent
337 _aunmediated
_bn
_2rdamedia
338 _avolume
_bnc
_2rdacarrier
490 1 _aCuadernos de investigación entsunam ;
_v1
520 8 _a"La Violencia Familiar es un problema social que requiere de múltiples miradas y formas de análisis para una comprensión integral, que posibilite desde distintos ámbitos la aportación de elementos para su explicación. Las dimensiones que inciden en la violencia familiar, su trascendencia y repercusiones son aspectos que interrelacionan con el contexto social, político, económico, cultural e ideológico, por lo cual la complejidad de su estudio depende de esa interacción e interrelación.."
650 0 _aViolencia familiar.
650 0 _aViolencia intrafamiliar.
650 0 _aTrabajo social.
856 7 _uhttps://unicurn.sharepoint.com/:b:/s/biblioteca/EaRUTiKS4PFGuE65JIsLLtUBAYq6rz1mZ3Kt_Hwv4N7WkA?e=be2SUM
_zClic aqui para ver el texto completo
942 _cCF
_h362.8292
_iC512
_2ddc
999 _c7167
_d7167